U.S Presidents Who Won Every Presidential Election - Statistics

General Stats
  • This quiz has been taken 148 times
  • The average score is 13 of 16
Answer Stats
No. of runs Winning years President % Correct
2 2008, 2012 Barack Obama
98%
2 1788-89, 1792 George Washington
98%
2 2000, 2004 George W. Bush
97%
4 1932, 1936, 1940, 1944 Franklin D Roosevelt
96%
2 1860, 1864 Abraham Lincoln
94%
2 1992, 1996 Bill Clinton
93%
1 1960 John F. Kennedy
93%
2 1952, 1956 Dwight D. Eisenhower
92%
2 1808, 1812 James Madison
84%
2 1816, 1820 James Monroe
81%
1 1880 James A. Garfield
76%
1 1844 James K. Polk
75%
1 1920 Warren G. Harding
70%
1 1876 Rutherford B. Hayes
68%
1 1848 Zachary Taylor
67%
1 1852 Franklin Pierce
65%
No matching quizzes found
Score Distribution
Percent of People with Each Score
Percentile by Number Answered
Your Score History
You have not taken this quiz